1895 1114 1615 1337 1091 1164 1780 1827 1435 1896 1656 1318 1754 1074 1658 1229 1206 1288 1353 1987 1145 1090 1906 1492 1050 1664 1502 1029 1579 1653 1974 1790 1225 1001 1703 1022 1139 1774 1029 1385 1654 1786 1032 1412 1919 1847 1947 1071 1715 1751 1061 1266 1886 1245 1306 1994 1681 1117 1594 1323 1594 1403 1807 1714 1548 1940 1236 1810 1246 1036 1686 1514 1809 1078 1160 1916 1572 1295 1793 1901 1473 1950 1046 1831 1815 1846 1897 1867 1992 1109 1347 1906 1343 1297 1209 1476 1037 1391 1184 BCNSPRNW ULIB Ver.6.0+V

เปลี่ยนเป็นภาษาไทย

Change to English
 แสดงรายละเอียดบรรณานุกรม
  กลับหน้าหลัก

Brief Record : Get Marc (ISO 2709) : E-mail record : QR code < ปิดหน้าต่าง
LEADER : 00000nam 2200000uu 4500
001    13399123004
003     ULIB
008    131128s2555||||th 000 0 tha d
020    ^a9786162142420
090    ^aนว.^bพ656พ ล.3
100    ^aพนมเทียน
245    ^aเพชรพระอุมา : ไพรมหากาฬ ล.3 /^cพนมเทียน
250    พิมพ์ครั้งที่ 6
260    ^aกรุงเทพฯ :^bณ บ้านวรรณกรรม,^c2555
300    ^a258 หน้า
945    ^p225^l0^i034207
999    ^aเกษร โพธิ์สุวรรณ
รายการนี้ยังไม่มีแท็ก
คุณยังไม่ได้ล็อกอิน คุณสามารถมีกิจกรรมร่วมกับเว็บไซต์ได้ แต่ต้องล็อกอินก่อน ::
  ล็อกอิน

รายการสื่อสารสนเทศ

ลำดับที่ ประเภท เลขเรียก/บาร์โค้ด สถานที่ สถานะ
1. นวนิยาย
นวนิยาย
นว. พ656พ ล.3  
  Barcode: 034207
ห้องสมุดวิทยาเขตสวรรค์ประชารักษ์
►นวนิยาย
บนชั้น
  ขอยืม

รายการใกล้เคียง
    ผู้แต่ง [พนมเทียน]

BibComment


ยังไม่เคยถูกคอมเมนท์

คอมเมนท์ทรัพยากรรายการนี้
  คอมเมนท์: เพชรพระอุมา ไพร..


 Copyright 2026. Bcnsprnw @Library